000 00848cad a22001935a 4500
001 L157499
008 121220s2012 xxk f 000 0 eng d
035 _a(Sirsi) u157499
041 0 _aeng
110 2 _aLondon
_bGreater London Authority
_bMayor of London
_94869
245 4 4 _aThe mayor's housing covenant
_bMaking the private rented sector work for Londoners $[ electronic resource]
260 _aLondon
_bGreater London Authority
_c2012
520 _aOutlines plans for a private rented sector (PRS) standard for London. Consultation closes on 13 February 2013.
590 _aKA NTK
651 4 _aLondon
690 _aResidential property
_96266
856 4 0 _uhttps://www.london.gov.uk/sites/default/files/Housing-Covenan-Making-the-PRS-work-for-Londoners.pdf
_zView the item free of charge from the www.london.gov.uk website.
942 _n0
999 _c114803
_d114803